Don't Dream It's Over - Crowded House (All Lyrics) - Statistics

General Stats
  • This quiz has been taken 444 times
  • The average score is 186 of 248
Answer Stats
Lyrics % Correct
Don't
98%
dream
98%
it's
98%
over.
98%
over
98%
no
97%
the
96%
now,
94%
now.
94%
Now
94%
a
93%
Hey
92%
hey
92%
to
90%
in
87%
in.
87%
In
87%
is
83%
There
83%
there
83%
There's
83%
there's
83%
us.
83%
They
82%
they
82%
between
79%
come,
78%
come
78%
come.
78%
with
78%
world
78%
you
78%
When
77%
won't
75%
know
74%
win.
74%
without.
74%
within,
73%
freedom
72%
wall
72%
We
72%
But
70%
but
70%
of
69%
build
68%
me.
68%
me
68%
and
67%
And
67%
your
67%
comes
66%
are
65%
I'm
65%
Try
64%
paper
63%
my
62%
My
62%
ahead,
61%
ahead
61%
hole
59%
battle
58%
roof.
58%
you're
58%
car,
56%
catch
56%
see
56%
end
54%
let
54%
cup.
53%
road,
53%
them
53%
never
52%
travelling
52%
lost.
51%
many
50%
battles
49%
today,
49%
war
49%
proof.
48%
you'll
48%
T.V.
46%
beat
45%
drum.
45%
walking
43%
while
43%
heart.
42%
suspicion,
42%
towing
41%
turn
41%
page.
40%
deluge
39%
right
39%
again
36%
causing
36%
door
33%
tales
33%
feeling
31%
liberation
31%
possessions
31%
steps
31%
counting
30%
Get
30%
waste.
28%
shadows
26%
release.
25%
Only
21%
clearing
19%
barely
17%
No matching quizzes found
Score Distribution
Percent of People with Each Score
Percentile by Number Answered
Your Score History
You have not taken this quiz